Movies Quiz

Random Movies or Oscar Quiz

Best Picture Noms. by Any Word, '90s-'10s Quiz Stats

 Plays Quiz Updated Mar 16, 2021

     
Support Sporcle.
Go Orange.
Score 0/193 Timer 07:00
5 Plays Today
Year Nominees % Correct
2003The Lord of the Rings: The Return of the King
98.4%
1992Scent of a Woman
98.4%
2002The Lord of the Rings: The Two Towers
98.3%
1993In the Name of the Father
98.2%
2001The Lord of the Rings: The Fellowship of the Ring
98.2%
2003Master and Commander: The Far Side of the World
98.2%
1992A Few Good Men
98.2%
2018A Star Is Born
98.1%
1991The Silence of the Lambs
98.1%
2009Up in the Air
98.1%
2009A Serious Man
98.1%
2011The Tree of Life
98.1%
1991Beauty and the Beast
98%
1994Four Weddings and a Funeral
98%
1993The Remains of the Day
98%
2001A Beautiful Mind
98%
2001In the Bedroom
97.9%
1991The Prince of Tides
97.9%
1990The Godfather Part III
97.9%
2009The Hurt Locker
97.8%
2008The Curious Case of Benjamin Button
97.8%
2010The King's Speech
97.8%
2012Beasts of the Southern Wild
97.8%
2011The Artist
97.7%
2019Once Upon a Time... in Hollywood
97.7%
1998The Thin Red Line
97.7%
2006The Departed
97.7%
1999The Green Mile
97.7%
1994The Shawshank Redemption
97.7%
2009The Blind Side
97.6%
1996The English Patient
97.6%
201312 Years a Slave
97.6%
2017The Shape of Water
97.6%
2010The Kids Are All Right
97.6%
1999The Sixth Sense
97.5%
1992The Crying Game
97.5%
1999The Cider House Rules
97.5%
2006The Queen
97.5%
2013The Wolf of Wall Street
97.5%
2004The Aviator
97.5%
2011The Help
97.5%
2002The Hours
97.5%
1993The Piano
97.4%
2002The Pianist
97.4%
1993The Fugitive
97.4%
2011The Descendants
97.4%
1997The Full Monty
97.4%
2010The Fighter
97.4%
1999The Insider
97.4%
2008The Reader
97.4%
2010The Social Network
97.4%
2016Manchester By the Sea
97.1%
2017The Post
96.8%
2018The Favourite
96.8%
2015The Big Short
96.8%
2014The Theory of Everything
96.8%
2015The Revenant
96.7%
2014The Imitation Game
96.7%
2019The Irishman
96.5%
2014The Grand Budapest Hotel
96.3%
2012Life of Pi
88%
1998Shakespeare in Love
86.8%
2002Gangs of New York
85.4%
2015Bridge of Spies
85.4%
2005Good Night, and Good Luck
83.6%
Year Nominees % Correct
2015The Martian
82.7%
2009An Education
82.4%
2003Lost in Translation
82.1%
2007No Country for Old Men
81.9%
2011Midnight in Paris
81.7%
2017Call Me by Your Name
76.6%
1997As Good As It Gets
75%
2016La La Land
74.9%
1995Sense and Sensibility
74%
2011Extremely Loud and Incredibly Close
73.9%
1996Secrets & Lies
73.5%
2007There Will Be Blood
72.5%
2018Green Book
65.8%
1998Life Is Beautiful
65.1%
2016Moonlight
63.6%
2019Parasite
63.1%
1997Good Will Hunting
62.7%
1997Titanic
61.4%
2014Birdman
60.7%
2019Little Women
58.3%
2017Get Out
57.9%
2018BlacKkKlansman
57.6%
2018Black Panther
57.6%
2013American Hustle
57.3%
2014American Sniper
56.3%
1990Dances with Wolves
55.8%
2019Ford v Ferrari
53.1%
2017Lady Bird
52.7%
1994Forrest Gump
51.5%
1997L.A. Confidential
51.4%
2015Spotlight
50.8%
1999American Beauty
50.5%
2016Hell or High Water
50%
2010Toy Story 3
49.1%
2019Marriage Story
48.1%
2009Up
48.1%
2000Gladiator
46.6%
2012Argo
46.1%
2005Crash
45.4%
2017Three Billboards Outside Ebbing, Missouri
45.1%
2009Avatar
44.8%
2013Her
44%
2004Million Dollar Baby
44%
2019Joker
42.6%
1993Schindler's List
41%
20191917
41%
2008Slumdog Millionaire
40%
2006Little Miss Sunshine
39.4%
2012Zero Dark Thirty
38.1%
2002Chicago
37.9%
2019Jojo Rabbit
37.1%
2017Darkest Hour
36.5%
1998Saving Private Ryan
36.4%
1995Braveheart
36.1%
2006Letters from Iwo Jima
35.8%
2018Roma
35.8%
2012Lincoln
34.9%
2018Bohemian Rhapsody
34.6%
1992Unforgiven
33.1%
2015Mad Max: Fury Road
33.1%
1994Pulp Fiction
32.7%
2015Room
32.6%
2010Black Swan
31.9%
2013Gravity
31.4%
2018Vice
31.1%
Year Nominees % Correct
2012Silver Linings Playbook
30.2%
2017Dunkirk
30.2%
2012Les Misérables
29.9%
2013Dallas Buyers Club
29.3%
2016Hidden Figures
29.1%
2016Lion
28.7%
2005Brokeback Mountain
28.5%
2012Django Unchained
27.7%
2011War Horse
27.5%
2016Fences
27.4%
2014Boyhood
26.6%
2016Arrival
26.2%
1990Goodfellas
25.4%
2016Hacksaw Ridge
24.5%
2017Phantom Thread
24%
2015Brooklyn
23.5%
2000Crouching Tiger, Hidden Dragon
23.4%
1995Apollo 13
23.4%
1996Fargo
23.3%
2013Nebraska
22.9%
2013Captain Phillips
22.8%
2014Whiplash
22%
2013Philomena
21.8%
2014Selma
21.7%
2000Erin Brockovich
21%
1995Babe
20.9%
2009District 9
20.8%
2012Amour
20.4%
2010Inception
20%
2003Mystic River
19.9%
1998Elizabeth
19.4%
2000Traffic
19.2%
2010127 Hours
19.1%
2008Milk
19%
1994Quiz Show
19%
2009Inglourious Basterds
18.7%
2011Hugo
17.5%
1991JFK
17.4%
2007Juno
17.4%
1992Howard's End
17.3%
2004Ray
17.2%
2005Capote
17.2%
2010True Grit
17.2%
2001Gosford Park
16.9%
2001Moulin Rouge!
16.9%
1990Ghost
16.9%
2008Frost/Nixon
16.8%
1995Il Postino
16.7%
1996Jerry Maguire
16.6%
2006Babel
16.5%
2007Michael Clayton
16.4%
2000Chocolat
16.4%
2004Finding Neverland
15.6%
2010Winter's Bone
15.4%
2009Precious
15.3%
2005Munich
15.3%
2007Atonement
15.1%
1996Shine
14.6%
2004Sideways
14%
1990Awakenings
13.8%
2011Moneyball
13.8%
1991Bugsy
13.6%
2003Seabiscuit
13.2%

From the Vault

Complete the Best Picture... With a Picture

by Noldeh

Movies 5m
Which picture is the best picture for the Best Picture?
Remove Ads.
Support Sporcle.
Get the best of Sporcle when you Go Orange. This ad-free experience offers more features, more stats, and more fun while also helping to support Sporcle. Thank you for becoming a member.

Show Comments

Extras

Top Quizzes Today


Score Distribution

Your Account Isn't Verified!

In order to create a playlist on Sporcle, you need to verify the email address you used during registration. Go to your Sporcle Settings to finish the process.

Report this User

Report this user for behavior that violates our Community Guidelines.

Details: